Battery Lyrics - Metallica - Statistics

General Stats
  • This quiz has been taken 61 times
  • The average score is 95 of 163
Answer Stats
Lyrics % Correct
Battery
98%
battery
98%
the
91%
a
88%
to
81%
me
77%
found
72%
is
72%
Cannot
70%
has
65%
reaction
65%
and
63%
in
63%
stop
63%
We
63%
out
60%
action
58%
kill
58%
Lashing
58%
Lunacy
58%
all
56%
here
56%
stay
56%
through
56%
away
53%
power
53%
Returning
53%
Smashing
53%
torn
51%
family
49%
of
49%
are
47%
boundaries
47%
Crushing
47%
crushing
47%
Weak
47%
ripped
44%
cower
40%
that
40%
aggression
37%
Pounding
37%
Hypnotizing
35%
Never
35%
into
33%
obsession
30%
potency
30%
believers
28%
ending
28%
non-
28%
on
28%
weaker
28%
Feeding
23%
off
23%
destruction
21%
Turns
21%
create
19%
insanity
19%
Breeding
16%
Mashing
16%
up
16%
comes
14%
decievers
14%
Dominating
14%
energy
14%
fury
14%
Hungry
14%
Powerhouse
14%
seeker
14%
flurry
12%
Hammer
12%
violence
9%
Whipping
9%
Circle
7%
No matching quizzes found
Score Distribution
Percent of People with Each Score
Percentile by Number Answered
Your Score History
You have not taken this quiz